[Event "Week's Tournament Elo 1799- (WT1)"]
[Site "Biel, CH"]
[Date "2025.07.22"]
[Round "2"]
[White "Robert-Grandpierre, Christian"]
[Black "Weber, Jason"]
[Result "0-1"]
[Board "18"]
[WhiteFideId "1357913"]
[BlackFideId "1363042"]
[WhiteElo "1543"]
[BlackElo "1769"]
[WhiteTeam "SUI"]
[BlackTeam "SUI"]
[WhiteClock "0:13:25"]
[BlackClock "0:11:56"]
[Variant "Standard"]

1. d4 {[%clk 1:00:55]}  Nf6 {[%clk 1:00:53]} 2. c4 {[%clk 1:01:18]}  g6 {[%clk 1:01:18]} 3. Nc3 {[%clk 1:01:37]}  Bg7 {[%clk 1:01:40]} 4. e4 {[%clk 1:01:58]}  d6 {[%clk 1:02:05]} 5. Nf3 {[%clk 1:02:12]}  O-O {[%clk 1:02:19]} 6. Be2 {[%clk 1:02:28]}  Nbd7 {[%clk 1:02:43]} 7. O-O {[%clk 1:02:15]}  e5 {[%clk 1:02:03]} 8. d5 {[%clk 0:59:10]}  Nc5 {[%clk 1:01:53]} 9. Qc2 {[%clk 0:58:34]}  a5 {[%clk 1:02:10]} 10. h3 {[%clk 0:57:35]}  Nh5 {[%clk 0:59:03]} 11. Be3 {[%clk 0:55:23]}  b6 {[%clk 0:59:20]} 12. a3 {[%clk 0:48:24]}  f5 {[%clk 0:50:51]} 13. b4 {[%clk 0:48:51]}  Nxe4 {[%clk 0:48:15]} 14. Nxe4 {[%clk 0:48:15]}  fxe4 {[%clk 0:48:58]} 15. Ng5 {[%clk 0:41:43]}  Nf6 {[%clk 0:42:44]} 16. g4 {[%clk 0:34:59]}  Bd7 {[%clk 0:37:03]} 17. Nxe4 {[%clk 0:32:23]}  Nxe4 {[%clk 0:34:58]} 18. Qxe4 {[%clk 0:29:26]}  Qh4 {[%clk 0:33:36]} 19. Qg2 {[%clk 0:30:30]}  e4 {[%clk 0:25:40]} 20. Rab1 {[%clk 0:28:44]}  axb4 {[%clk 0:25:04]} 21. axb4 {[%clk 0:27:28]}  Ra2 {[%clk 0:24:36]} 22. Bd1 {[%clk 0:26:54]}  Bh6 {[%clk 0:17:15]} 23. Bxh6 {[%clk 0:19:33]}  Qxh6 {[%clk 0:20:32]} 24. Qg3 {[%clk 0:13:31]}  Qd2 {[%clk 0:15:18]} 25. Qe3 {[%clk 0:15:19]}  Rxf2 {[%clk 0:11:34]} 26. Qxd2 {[%clk 0:15:06]}  Rfxd2 {[%clk 0:10:53]} 27. Bb3 {[%clk 0:13:25]}  Rg2+ {[%clk 0:11:56]} 0-1

[Event "Week's Tournament Elo 1799- (WT1)"]
[Site "Biel, CH"]
[Date "2025.07.22"]
[Round "2"]
[White "Niederberger, Lenny"]
[Black "Cloete, Willem Francois"]
[Result "0-1"]
[Board "19"]
[WhiteFideId "1363204"]
[BlackFideId "14358387"]
[WhiteElo "1714"]
[BlackElo "1567"]
[WhiteTeam "SUI"]
[BlackTeam "RSA"]
[WhiteClock "0:01:08"]
[BlackClock "0:04:50"]
[Variant "Standard"]

1. Nf3 {[%clk 1:00:57]}  Nf6 {[%clk 1:00:52]} 2. g3 {[%clk 1:01:23]}  g6 {[%clk 1:01:13]} 3. Bg2 {[%clk 1:01:49]}  Bg7 {[%clk 1:01:38]} 4. O-O {[%clk 1:02:13]}  O-O {[%clk 1:02:03]} 5. d4 {[%clk 1:02:39]}  d6 {[%clk 1:02:18]} 6. Nc3 {[%clk 1:00:11]}  Nbd7 {[%clk 1:00:29]} 7. e4 {[%clk 1:02:16]}  c6 {[%clk 0:57:05]} 8. Be3 {[%clk 1:02:14]}  Ng4 {[%clk 0:54:02]} 9. Bd2 {[%clk 1:01:48]}  c5 {[%clk 0:50:07]} 10. dxc5 {[%clk 1:02:06]}  Nxc5 {[%clk 0:48:53]} 11. Re1 {[%clk 0:53:13]}  Bd7 {[%clk 0:43:36]} 12. h3 {[%clk 0:56:27]}  Ne5 {[%clk 0:42:49]} 13. Nxe5 {[%clk 0:55:33]}  Bxe5 {[%clk 0:42:41]} 14. Bh6 {[%clk 0:54:44]}  Re8 {[%clk 0:42:25]} 15. f4 {[%clk 0:46:49]}  Bh8 {[%clk 0:41:04]} 16. e5 {[%clk 0:41:30]}  dxe5 {[%clk 0:37:20]} 17. fxe5 {[%clk 0:39:37]}  Qc8 {[%clk 0:31:26]} 18. Kh2 {[%clk 0:34:37]}  Bc6 {[%clk 0:26:28]} 19. Bxc6 {[%clk 0:29:43]}  bxc6 {[%clk 0:24:47]} 20. Qf3 {[%clk 0:29:28]}  Bg7 {[%clk 0:17:36]} 21. Bxg7 {[%clk 0:28:47]}  Kxg7 {[%clk 0:17:45]} 22. Ne4 {[%clk 0:26:48]}  Nxe4 {[%clk 0:17:14]} 23. Qxe4 {[%clk 0:26:56]}  Rb8 {[%clk 0:15:22]} 24. b3 {[%clk 0:24:20]}  Rd8 {[%clk 0:13:39]} 25. Rad1 {[%clk 0:22:27]}  Qe6 {[%clk 0:10:19]} 26. Rd3 {[%clk 0:20:47]}  Rd7 {[%clk 0:09:18]} 27. Rxd7 {[%clk 0:19:07]}  Qxd7 {[%clk 0:09:34]} 28. e6 {[%clk 0:19:00]}  Qd5 {[%clk 0:03:06]} 29. exf7 {[%clk 0:10:36]}  Qxe4 {[%clk 0:05:59]} 30. Rxe4 {[%clk 0:10:53]}  Kxf7 {[%clk 0:06:20]} 31. Kg2 {[%clk 0:09:18]}  Rd8 {[%clk 0:05:26]} 32. Kf3 {[%clk 0:09:21]}  Kf6 {[%clk 0:04:44]} 33. Rc4 {[%clk 0:07:39]}  Rd6 {[%clk 0:04:10]} 34. Ke3 {[%clk 0:07:15]}  Ke6 {[%clk 0:03:42]} 35. Rh4 {[%clk 0:06:19]}  h5 {[%clk 0:03:32]} 36. Rd4 {[%clk 0:03:55]}  Rd5 {[%clk 0:03:22]} 37. c4 {[%clk 0:03:08]}  Re5+ {[%clk 0:02:31]} 38. Re4 {[%clk 0:03:17]}  Kd6 {[%clk 0:02:24]} 39. Rxe5 {[%clk 0:03:03]}  Kxe5 {[%clk 0:02:52]} 40. a4 {[%clk 0:02:55]}  a5 {[%clk 0:02:36]} 41. Kd3 {[%clk 0:02:21]}  g5 {[%clk 0:02:47]} 42. h4 {[%clk 0:01:26]}  g4 {[%clk 0:02:55]} 43. Ke3 {[%clk 0:00:53]}  c5 {[%clk 0:03:01]} 44. Kd3 {[%clk 0:01:11]}  Kf5 {[%clk 0:03:07]} 45. b4 {[%clk 0:00:38]}  cxb4 {[%clk 0:03:29]} 46. c5 {[%clk 0:00:37]}  Ke5 {[%clk 0:03:51]} 47. Kc4 {[%clk 0:00:54]}  Ke6 {[%clk 0:04:09]} 48. Kd4 {[%clk 0:01:12]}  Kd7 {[%clk 0:04:24]} 49. Kc4 {[%clk 0:01:08]}  Kc7 {[%clk 0:04:50]} 0-1

[Event "Week's Tournament Elo 1799- (WT1)"]
[Site "Biel, CH"]
[Date "2025.07.22"]
[Round "2"]
[White "Shahmammadli, Ramiz"]
[Black "Saxer, Bruno"]
[Result "1-0"]
[Board "20"]
[WhiteFideId "1349392"]
[BlackFideId "1313657"]
[WhiteElo "1503"]
[BlackElo "1674"]
[WhiteTeam "SUI"]
[BlackTeam "SUI"]
[WhiteClock "0:15:10"]
[BlackClock "0:45:25"]
[Variant "Standard"]

1. e4 {[%clk 0:55:27]}  d5 {[%clk 1:00:17]} 2. exd5 {[%clk 0:55:41]}  Nf6 {[%clk 1:00:30]} 3. Nf3 {[%clk 0:55:57]}  Bg4 {[%clk 1:00:07]} 4. d4 {[%clk 0:55:38]}  Qxd5 {[%clk 0:59:35]} 5. Be2 {[%clk 0:55:14]}  e6 {[%clk 0:58:10]} 6. c4 {[%clk 0:55:24]}  Bb4+ {[%clk 0:58:09]} 7. Nc3 {[%clk 0:55:23]}  Qd8 {[%clk 0:57:48]} 8. O-O {[%clk 0:55:28]}  O-O {[%clk 0:57:19]} 9. Be3 {[%clk 0:55:48]}  Nbd7 {[%clk 0:51:58]} 10. a3 {[%clk 0:46:40]}  Bxc3 {[%clk 0:56:51]} 11. bxc3 {[%clk 0:47:03]}  c6 {[%clk 0:56:52]} 12. Rb1 {[%clk 0:46:52]}  Rb8 {[%clk 0:55:59]} 13. Bf4 {[%clk 0:43:05]}  Bxf3 {[%clk 0:56:07]} 14. Bxf3 {[%clk 0:41:39]}  Nb6 {[%clk 0:53:24]} 15. Bxb8 {[%clk 0:41:42]}  Qxb8 {[%clk 0:51:07]} 16. c5 {[%clk 0:38:24]}  Nbd5 {[%clk 0:53:35]} 17. Qb3 {[%clk 0:38:15]}  h5 {[%clk 0:52:20]} 18. c4 {[%clk 0:37:47]}  Nf4 {[%clk 0:51:54]} 19. Qxb7 {[%clk 0:37:51]}  Qd8 {[%clk 0:51:25]} 20. Rfd1 {[%clk 0:34:23]}  g5 {[%clk 0:51:30]} 21. Bxc6 {[%clk 0:22:58]}  Ne2+ {[%clk 0:50:46]} 22. Kh1 {[%clk 0:22:57]}  Ng4 {[%clk 0:50:34]} 23. Rf1 {[%clk 0:22:05]}  Qxd4 {[%clk 0:49:08]} 24. Qb2 {[%clk 0:18:33]}  Qf4 {[%clk 0:48:24]} 25. g3 {[%clk 0:16:50]}  Qxc4 {[%clk 0:47:45]} 26. Bb5 {[%clk 0:15:52]}  Nxf2+ {[%clk 0:47:21]} 27. Rxf2 {[%clk 0:15:21]}  Qd5+ {[%clk 0:45:25]} 28. Rg2 {[%clk 0:15:10]} 1-0

[Event "Week's Tournament Elo 1799- (WT1)"]
[Site "Biel, CH"]
[Date "2025.07.22"]
[Round "2"]
[White "Kretschmer, Thomas"]
[Black "Morgan, Jesus Alberto"]
[Result "1-0"]
[Board "21"]
[WhiteFideId "34690883"]
[BlackFideId "1339575"]
[WhiteElo "1659"]
[BlackElo "1542"]
[WhiteTeam "GER"]
[BlackTeam "SUI"]
[WhiteClock "0:41:46"]
[BlackClock "0:32:35"]
[Variant "Standard"]

1. e4 {[%clk 1:00:48]}  e5 {[%clk 1:00:56]} 2. Nf3 {[%clk 1:01:12]}  Nc6 {[%clk 1:01:25]} 3. Bb5 {[%clk 1:01:39]}  a6 {[%clk 1:01:53]} 4. Ba4 {[%clk 1:02:06]}  Nf6 {[%clk 1:01:09]} 5. d3 {[%clk 1:01:29]}  b5 {[%clk 1:00:11]} 6. Bb3 {[%clk 1:01:57]}  Be7 {[%clk 0:57:45]} 7. c3 {[%clk 0:58:02]}  O-O {[%clk 0:54:01]} 8. h3 {[%clk 0:58:12]}  d5 {[%clk 0:52:06]} 9. exd5 {[%clk 0:55:38]}  Nxd5 {[%clk 0:55:24]} 10. O-O {[%clk 0:55:25]}  Kh8 {[%clk 0:51:31]} 11. Re1 {[%clk 0:55:19]}  Bf6 {[%clk 0:46:58]} 12. Nbd2 {[%clk 0:55:11]}  g5 {[%clk 0:35:21]} 13. Ne4 {[%clk 0:48:24]}  g4 {[%clk 0:35:38]} 14. Bxd5 {[%clk 0:46:12]}  gxf3 {[%clk 0:32:55]} 15. Qxf3 {[%clk 0:44:50]}  Qxd5 {[%clk 0:32:35]} 16. Qxf6+ {[%clk 0:41:46]} 1-0

[Event "Week's Tournament Elo 1799- (WT1)"]
[Site "Biel, CH"]
[Date "2025.07.22"]
[Round "2"]
[White "Ben Avi, Adam"]
[Black "Sadeh, David"]
[Result "1-0"]
[Board "22"]
[WhiteFideId "2853833"]
[BlackFideId "1354973"]
[WhiteElo "1643"]
[BlackElo "1520"]
[WhiteTeam "ISR"]
[BlackTeam "SUI"]
[WhiteClock "0:38:28"]
[BlackClock "0:02:05"]
[Variant "Standard"]

1. e4 {[%clk 1:00:52]}  e5 {[%clk 1:00:14]} 2. Nf3 {[%clk 1:01:13]}  Nc6 {[%clk 1:00:25]} 3. d4 {[%clk 1:01:37]}  exd4 {[%clk 1:00:29]} 4. Bc4 {[%clk 1:01:56]}  Nf6 {[%clk 1:00:04]} 5. e5 {[%clk 1:02:18]}  Ng4 {[%clk 0:58:30]} 6. O-O {[%clk 0:58:35]}  Bc5 {[%clk 0:57:00]} 7. Bxf7+ {[%clk 0:55:41]}  Kxf7 {[%clk 0:56:46]} 8. Ng5+ {[%clk 0:55:59]}  Ke8 {[%clk 0:56:39]} 9. Qxg4 {[%clk 0:52:24]}  d6 {[%clk 0:51:25]} 10. Ne6 {[%clk 0:50:50]}  Qe7 {[%clk 0:48:54]} 11. Qxg7 {[%clk 0:46:54]}  Qxg7 {[%clk 0:48:14]} 12. Nxg7+ {[%clk 0:45:53]}  Kf7 {[%clk 0:47:38]} 13. Nh5 {[%clk 0:44:29]}  b6 {[%clk 0:46:50]} 14. exd6 {[%clk 0:47:16]}  cxd6 {[%clk 0:46:33]} 15. a3 {[%clk 0:45:30]}  b5 {[%clk 0:45:47]} 16. b4 {[%clk 0:45:01]}  Bb6 {[%clk 0:45:46]} 17. Bb2 {[%clk 0:44:47]}  Rg8 {[%clk 0:42:30]} 18. Ng3 {[%clk 0:45:00]}  Bb7 {[%clk 0:42:28]} 19. Nd2 {[%clk 0:44:21]}  h5 {[%clk 0:41:02]} 20. Nde4 {[%clk 0:43:53]}  Rad8 {[%clk 0:38:27]} 21. Nf5 {[%clk 0:43:53]}  Ke6 {[%clk 0:37:21]} 22. Neg3 {[%clk 0:36:11]}  Rg5 {[%clk 0:25:17]} 23. Rfe1+ {[%clk 0:32:06]}  Kf6 {[%clk 0:23:02]} 24. Nxd6 {[%clk 0:39:25]}  Rxd6 {[%clk 0:18:43]} 25. Ne4+ {[%clk 0:39:42]}  Kg6 {[%clk 0:18:08]} 26. Nxd6 {[%clk 0:40:00]}  Ba8 {[%clk 0:18:04]} 27. Re6+ {[%clk 0:37:31]}  Kh7 {[%clk 0:14:43]} 28. Re8 {[%clk 0:36:45]}  Nd8 {[%clk 0:10:13]} 29. Ne4 {[%clk 0:32:46]}  Rg6 {[%clk 0:05:08]} 30. h4 {[%clk 0:35:29]}  Bc6 {[%clk 0:03:16]} 31. Re7+ {[%clk 0:35:37]}  Kg8 {[%clk 0:03:06]} 32. g3 {[%clk 0:35:29]}  Kf8 {[%clk 0:02:17]} 33. Re5 {[%clk 0:34:15]}  Nf7 {[%clk 0:01:24]} 34. Rxh5 {[%clk 0:35:54]}  Bxe4 {[%clk 0:01:30]} 35. Rxb5 {[%clk 0:36:04]}  Bc7 {[%clk 0:00:31]} 36. Bxd4 {[%clk 0:36:01]}  Rg8 {[%clk 0:00:32]} 37. Rc5 {[%clk 0:35:22]}  Bd6 {[%clk 0:00:39]} 38. Rc8+ {[%clk 0:35:35]}  Nd8 {[%clk 0:00:42]} 39. Rxd8+ {[%clk 0:35:55]}  Kf7 {[%clk 0:00:36]} 40. Rxd6 {[%clk 0:36:21]}  Rh8 {[%clk 0:00:31]} 41. Bxh8 {[%clk 0:36:39]}  Bxc2 {[%clk 0:00:39]} 42. Rc1 {[%clk 0:37:03]}  Ba4 {[%clk 0:00:35]} 43. Rc7+ {[%clk 0:37:31]}  Kf8 {[%clk 0:00:54]} 44. Rd8+ {[%clk 0:37:37]}  Be8 {[%clk 0:01:22]} 45. Bg7+ {[%clk 0:37:26]}  Kg8 {[%clk 0:01:47]} 46. Bh6 {[%clk 0:38:10]}  a5 {[%clk 0:02:05]} 47. Rxe8# {[%clk 0:38:28]} 1-0

[Event "Week's Tournament Elo 1799- (WT1)"]
[Site "Biel, CH"]
[Date "2025.07.22"]
[Round "2"]
[White "Zhang, Zichen"]
[Black "Briechle, Dennnis"]
[Result "0-1"]
[Board "24"]
[WhiteFideId "1359584"]
[BlackFideId "1364359"]
[WhiteElo "1587"]
[BlackElo "1485"]
[WhiteTeam "SUI"]
[BlackTeam "SUI"]
[WhiteClock "0:35:12"]
[BlackClock "0:15:21"]
[Variant "Standard"]

1. e4 {[%clk 1:00:58]}  c5 {[%clk 1:00:51]} 2. Nf3 {[%clk 1:01:23]}  d6 {[%clk 1:01:09]} 3. d4 {[%clk 1:01:46]}  cxd4 {[%clk 1:01:27]} 4. Nxd4 {[%clk 1:02:10]}  Nf6 {[%clk 1:01:11]} 5. Nc3 {[%clk 1:02:32]}  Nc6 {[%clk 1:00:55]} 6. Nb3 {[%clk 1:02:32]}  g6 {[%clk 1:00:54]} 7. Be3 {[%clk 1:02:52]}  Bg7 {[%clk 1:00:56]} 8. f3 {[%clk 1:03:07]}  O-O {[%clk 1:00:47]} 9. Qd2 {[%clk 1:03:29]}  e6 {[%clk 0:58:27]} 10. O-O-O {[%clk 1:03:43]}  Ne5 {[%clk 0:52:18]} 11. g4 {[%clk 1:02:23]}  Ne8 {[%clk 0:50:16]} 12. h4 {[%clk 1:01:52]}  Nxf3 {[%clk 0:48:56]} 13. Qf2 {[%clk 1:01:14]}  Ne5 {[%clk 0:48:23]} 14. Be2 {[%clk 0:59:20]}  f5 {[%clk 0:47:00]} 15. g5 {[%clk 0:58:21]}  Ng4 {[%clk 0:44:21]} 16. Bxg4 {[%clk 0:56:30]}  fxg4 {[%clk 0:44:41]} 17. Qe2 {[%clk 0:56:33]}  e5 {[%clk 0:41:56]} 18. Rdf1 {[%clk 0:55:21]}  Be6 {[%clk 0:39:50]} 19. Rxf8+ {[%clk 0:52:37]}  Bxf8 {[%clk 0:39:27]} 20. Rf1 {[%clk 0:51:30]}  a5 {[%clk 0:34:57]} 21. a4 {[%clk 0:51:39]}  b6 {[%clk 0:30:03]} 22. Qf2 {[%clk 0:51:34]}  Bg7 {[%clk 0:30:06]} 23. Bxb6 {[%clk 0:50:53]}  Qb8 {[%clk 0:29:02]} 24. Rh1 {[%clk 0:48:20]}  h5 {[%clk 0:26:27]} 25. Nd5 {[%clk 0:46:31]}  Bxd5 {[%clk 0:24:03]} 26. exd5 {[%clk 0:46:27]}  Qb7 {[%clk 0:22:56]} 27. Rd1 {[%clk 0:44:14]}  Nc7 {[%clk 0:19:02]} 28. c4 {[%clk 0:43:42]}  Rf8 {[%clk 0:17:28]} 29. Qc2 {[%clk 0:43:11]}  Qxb6 {[%clk 0:16:21]} 30. Nd2 {[%clk 0:41:55]}  Kh7 {[%clk 0:15:21]} 31. Ne4 {[%clk 0:38:24]}  Na6 {[%clk 0:14:14]} 32. Nf6+ {[%clk 0:37:51]}  Bxf6 {[%clk 0:13:41]} 33. gxf6 {[%clk 0:38:13]}  Rxf6 {[%clk 0:13:40]} 34. Qg2 {[%clk 0:36:34]}  Qe3+ {[%clk 0:12:28]} 35. Kb1 {[%clk 0:35:05]}  Rf2 {[%clk 0:11:01]} 36. Qg1 {[%clk 0:33:30]}  Qe2 {[%clk 0:10:56]} 37. Rd2 {[%clk 0:32:02]}  Qxd2 {[%clk 0:11:09]} 38. Qc1 {[%clk 0:32:24]}  Qxc1+ {[%clk 0:10:53]} 39. Kxc1 {[%clk 0:32:47]}  Nb4 {[%clk 0:11:11]} 40. c5 {[%clk 0:32:21]}  Rc2+ {[%clk 0:11:03]} 41. Kd1 {[%clk 0:32:31]}  Rxc5 {[%clk 0:11:29]} 42. Kd2 {[%clk 0:32:48]}  g3 {[%clk 0:11:37]} 43. Ke2 {[%clk 0:32:50]}  g2 {[%clk 0:11:54]} 44. Kf2 {[%clk 0:33:17]}  Rc2+ {[%clk 0:12:18]} 45. Kg1 {[%clk 0:33:38]}  Rxb2 {[%clk 0:12:25]} 46. Kh2 {[%clk 0:33:42]}  Rb3 {[%clk 0:12:32]} 47. Kxg2 {[%clk 0:33:27]}  Nxd5 {[%clk 0:11:46]} 48. Kf2 {[%clk 0:32:58]}  e4 {[%clk 0:12:45]} 49. Ke1 {[%clk 0:32:42]}  Rb2 {[%clk 0:12:54]} 50. Kd1 {[%clk 0:33:01]}  e3 {[%clk 0:13:14]} 51. Ke1 {[%clk 0:33:25]}  Nb6 {[%clk 0:13:35]} 52. Kd1 {[%clk 0:33:29]}  Nxa4 {[%clk 0:13:52]} 53. Kc1 {[%clk 0:33:51]}  Rf2 {[%clk 0:14:09]} 54. Kd1 {[%clk 0:34:06]}  Nc5 {[%clk 0:14:22]} 55. Ke1 {[%clk 0:34:17]}  a4 {[%clk 0:14:44]} 56. Kd1 {[%clk 0:34:21]}  a3 {[%clk 0:15:06]} 57. Kc1 {[%clk 0:34:49]}  a2 {[%clk 0:14:59]} 58. Kd1 {[%clk 0:35:12]}  a1=Q# {[%clk 0:15:21]} 0-1

[Event "Week's Tournament Elo 1799- (WT1)"]
[Site "Biel, CH"]
[Date "2025.07.23"]
[Round "3"]
[White "Trzcinska, Weronika"]
[Black "Bachmann, Daniel"]
[Result "0-1"]
[Board "1"]
[WhiteFideId "41862155"]
[BlackFideId "1357492"]
[WhiteElo "1712"]
[BlackElo "1766"]
[WhiteTeam "POL"]
[BlackTeam "SUI"]
[WhiteClock "0:09:02"]
[BlackClock "0:22:58"]
[Variant "Standard"]

1. e4 {[%clk 1:00:58]}  e6 {[%clk 0:59:12]} 2. e5 {[%clk 1:01:14]}  c5 {[%clk 0:58:56]} 3. Nf3 {[%clk 1:01:23]}  Nc6 {[%clk 0:59:16]} 4. c3 {[%clk 1:01:16]}  d5 {[%clk 0:59:33]} 5. exd6 {[%clk 1:01:27]}  Nf6 {[%clk 0:59:59]} 6. d4 {[%clk 1:01:19]}  cxd4 {[%clk 1:00:20]} 7. Nxd4 {[%clk 1:01:39]}  Qxd6 {[%clk 1:00:30]} 8. Be2 {[%clk 1:01:33]}  Nxd4 {[%clk 1:00:10]} 9. Qxd4 {[%clk 1:01:51]}  Qxd4 {[%clk 1:00:27]} 10. cxd4 {[%clk 1:02:13]}  g6 {[%clk 0:57:46]} 11. O-O {[%clk 1:01:20]}  Bg7 {[%clk 0:59:09]} 12. Nc3 {[%clk 1:01:01]}  a6 {[%clk 0:58:03]} 13. Bf3 {[%clk 0:55:01]}  h5 {[%clk 0:51:52]} 14. Bf4 {[%clk 0:59:53]}  O-O {[%clk 0:42:42]} 15. Be5 {[%clk 0:59:19]}  Nd7 {[%clk 0:42:46]} 16. Bxg7 {[%clk 0:59:24]}  Kxg7 {[%clk 0:40:56]} 17. Rfe1 {[%clk 0:56:19]}  Rb8 {[%clk 0:43:02]} 18. b4 {[%clk 0:54:47]}  b6 {[%clk 0:40:42]} 19. a3 {[%clk 0:51:46]}  Bb7 {[%clk 0:35:08]} 20. Bxb7 {[%clk 0:45:55]}  Rxb7 {[%clk 0:41:17]} 21. Na4 {[%clk 0:46:14]}  Nf6 {[%clk 0:40:01]} 22. Rac1 {[%clk 0:45:45]}  Rd8 {[%clk 0:40:07]} 23. Red1 {[%clk 0:44:58]}  Nd5 {[%clk 0:39:13]} 24. Rc6 {[%clk 0:44:09]}  Rdd7 {[%clk 0:36:09]} 25. Kf1 {[%clk 0:42:34]}  Kf6 {[%clk 0:37:04]} 26. g3 {[%clk 0:40:20]}  Kf5 {[%clk 0:35:42]} 27. Ke2 {[%clk 0:39:04]}  Rbc7 {[%clk 0:35:10]} 28. Rxc7 {[%clk 0:38:22]}  Rxc7 {[%clk 0:35:48]} 29. Kd3 {[%clk 0:38:42]}  Rc6 {[%clk 0:34:15]} 30. f3 {[%clk 0:37:16]}  Rd6 {[%clk 0:25:42]} 31. Re1 {[%clk 0:26:42]}  Rc6 {[%clk 0:31:42]} 32. Re5+ {[%clk 0:26:26]}  Kf6 {[%clk 0:32:11]} 33. Re1 {[%clk 0:26:44]}  Ke7 {[%clk 0:32:21]} 34. Rd1 {[%clk 0:25:15]}  Rd6 {[%clk 0:32:38]} 35. Nc3 {[%clk 0:18:37]}  Nxc3 {[%clk 0:27:21]} 36. Kxc3 {[%clk 0:24:19]}  Rc6+ {[%clk 0:27:50]} 37. Kd3 {[%clk 0:24:19]}  Kd6 {[%clk 0:28:17]} 38. Re1 {[%clk 0:23:06]}  f6 {[%clk 0:28:00]} 39. Ke4 {[%clk 0:15:44]}  Rc3 {[%clk 0:28:13]} 40. Ra1 {[%clk 0:14:36]}  g5 {[%clk 0:25:45]} 41. g4 {[%clk 0:13:25]}  h4 {[%clk 0:26:03]} 42. Ra2 {[%clk 0:13:04]}  Rc1 {[%clk 0:23:58]} 43. Re2 {[%clk 0:11:50]}  Ra1 {[%clk 0:24:49]} 44. Re3 {[%clk 0:11:36]}  Ra2 {[%clk 0:23:58]} 45. h3 {[%clk 0:11:03]}  Rf2 {[%clk 0:20:34]} 46. Rc3 {[%clk 0:10:34]}  Rg2 {[%clk 0:20:18]} 47. Rc8 {[%clk 0:10:24]}  Re2+ {[%clk 0:19:11]} 48. Kd3 {[%clk 0:10:24]}  Rh2 {[%clk 0:19:34]} 49. Rb8 {[%clk 0:10:27]}  Kc7 {[%clk 0:19:06]} 50. Re8 {[%clk 0:09:13]}  Rxh3 {[%clk 0:19:19]} 51. Ke4 {[%clk 0:08:46]}  Rh1 {[%clk 0:19:44]} 52. Re7+ {[%clk 0:08:48]}  Kd6 {[%clk 0:19:49]} 53. Rb7 {[%clk 0:08:53]}  Kc6 {[%clk 0:20:03]} 54. Re7 {[%clk 0:08:53]}  Kb5 {[%clk 0:20:21]} 55. Kd3 {[%clk 0:08:49]}  h3 {[%clk 0:20:18]} 56. Ke2 {[%clk 0:09:01]}  h2 {[%clk 0:20:19]} 57. Rh7 {[%clk 0:09:19]}  Ra1 {[%clk 0:20:45]} 58. Rxh2 {[%clk 0:07:21]}  Ra2+ {[%clk 0:21:14]} 59. Kf1 {[%clk 0:07:42]}  Rxh2 {[%clk 0:21:37]} 60. Ke1 {[%clk 0:07:45]}  Kc4 {[%clk 0:21:56]} 61. Kd1 {[%clk 0:07:58]}  Kxd4 {[%clk 0:22:18]} 62. Kc1 {[%clk 0:08:18]}  e5 {[%clk 0:22:19]} 63. Kb1 {[%clk 0:08:21]}  Kc3 {[%clk 0:22:39]} 64. Ka1 {[%clk 0:08:46]}  Kb3 {[%clk 0:22:50]} 65. Kb1 {[%clk 0:09:02]}  Rh1# {[%clk 0:22:58]} 0-1

[Event "Week's Tournament Elo 1799- (WT1)"]
[Site "Biel, CH"]
[Date "2025.07.23"]
[Round "3"]
[White "Buntschu, Kurt"]
[Black "Ganeshram, Niranjana"]
[Result "1/2-1/2"]
[Board "2"]
[WhiteFideId "1325884"]
[BlackFideId "40100480"]
[WhiteElo "1762"]
[BlackElo "1692"]
[WhiteTeam "SUI"]
[BlackTeam "NED"]
[WhiteClock "0:01:19"]
[BlackClock "0:07:44"]
[Variant "Standard"]

1. e4 {[%clk 1:00:52]}  e5 {[%clk 1:00:57]} 2. Nf3 {[%clk 1:01:16]}  Nc6 {[%clk 1:01:25]} 3. d4 {[%clk 1:01:41]}  exd4 {[%clk 1:01:51]} 4. Nxd4 {[%clk 1:02:00]}  Bc5 {[%clk 1:02:17]} 5. Nb3 {[%clk 1:02:22]}  Bb6 {[%clk 1:02:08]} 6. Nc3 {[%clk 1:02:08]}  Nge7 {[%clk 1:01:35]} 7. Qe2 {[%clk 1:01:14]}  d6 {[%clk 1:02:33]} 8. Be3 {[%clk 1:01:37]}  Bxe3 {[%clk 1:01:39]} 9. Qxe3 {[%clk 1:01:04]}  Be6 {[%clk 0:58:40]} 10. Be2 {[%clk 0:54:56]}  Qd7 {[%clk 1:00:53]} 11. Rd1 {[%clk 0:51:20]}  a6 {[%clk 0:55:56]} 12. O-O {[%clk 0:45:37]}  O-O {[%clk 0:58:37]} 13. Nc5 {[%clk 0:40:18]}  Qc8 {[%clk 0:58:35]} 14. Nxe6 {[%clk 0:40:29]}  Qxe6 {[%clk 0:46:49]} 15. f4 {[%clk 0:37:15]}  Nf5 {[%clk 0:48:58]} 16. Qf2 {[%clk 0:30:06]}  Nfe7 {[%clk 0:42:46]} 17. Bf3 {[%clk 0:23:37]}  Qc8 {[%clk 0:44:53]} 18. Rfe1 {[%clk 0:23:31]}  Ng6 {[%clk 0:44:47]} 19. e5 {[%clk 0:18:53]}  dxe5 {[%clk 0:44:04]} 20. Bxc6 {[%clk 0:19:11]}  bxc6 {[%clk 0:44:20]} 21. fxe5 {[%clk 0:19:19]}  Re8 {[%clk 0:43:01]} 22. Qc5 {[%clk 0:11:56]}  Qe6 {[%clk 0:37:33]} 23. Re4 {[%clk 0:11:38]}  Rab8 {[%clk 0:40:15]} 24. b3 {[%clk 0:08:13]}  Rbd8 {[%clk 0:33:49]} 25. Rxd8 {[%clk 0:07:13]}  Rxd8 {[%clk 0:33:27]} 26. Qa5 {[%clk 0:07:03]}  Qc8 {[%clk 0:34:12]} 27. a4 {[%clk 0:04:20]}  Qb7 {[%clk 0:32:51]} 28. Qc5 {[%clk 0:05:16]}  Qb6 {[%clk 0:30:51]} 29. Qxb6 {[%clk 0:04:48]}  cxb6 {[%clk 0:32:20]} 30. e6 {[%clk 0:03:26]}  fxe6 {[%clk 0:30:31]} 31. Rxe6 {[%clk 0:02:58]}  Rc8 {[%clk 0:27:12]} 32. Ne4 {[%clk 0:00:17]}  Nf8 {[%clk 0:25:07]} 33. Rd6 {[%clk 0:05:06]}  Re8 {[%clk 0:23:20]} 34. Ng5 {[%clk 0:03:55]}  Re5 {[%clk 0:21:04]} 35. Nf3 {[%clk 0:01:52]}  Rc5 {[%clk 0:19:41]} 36. Nd4 {[%clk 0:04:32]}  Rd5 {[%clk 0:19:13]} 37. Rxd5 {[%clk 0:04:50]}  cxd5 {[%clk 0:19:38]} 38. Kf2 {[%clk 0:05:15]}  Kf7 {[%clk 0:19:57]} 39. Ke3 {[%clk 0:05:37]}  g6 {[%clk 0:19:52]} 40. h4 {[%clk 0:05:24]}  Nd7 {[%clk 0:17:31]} 41. b4 {[%clk 0:04:57]}  Ne5 {[%clk 0:18:33]} 42. Kf4 {[%clk 0:02:37]}  Nc4 {[%clk 0:17:36]} 43. Nc6 {[%clk 0:02:25]}  Na3 {[%clk 0:16:17]} 44. Nd4 {[%clk 0:01:54]}  Kf6 {[%clk 0:15:58]} 45. g4 {[%clk 0:02:05]}  h6 {[%clk 0:16:10]} 46. g5+ {[%clk 0:02:24]}  hxg5+ {[%clk 0:15:50]} 47. hxg5+ {[%clk 0:02:46]}  Ke7 {[%clk 0:15:49]} 48. Ke5 {[%clk 0:02:59]}  Nb1 {[%clk 0:14:34]} 49. a5 {[%clk 0:01:53]}  bxa5 {[%clk 0:14:30]} 50. bxa5 {[%clk 0:03:06]}  Nc3 {[%clk 0:14:35]} 51. Nc6+ {[%clk 0:02:42]}  Kd7 {[%clk 0:14:08]} 52. Nb4 {[%clk 0:00:45]}  Ne4 {[%clk 0:12:43]} 53. Kxd5 {[%clk 0:01:25]}  Nxg5 {[%clk 0:12:28]} 54. Nd3 {[%clk 0:01:48]}  Nf3 {[%clk 0:10:18]} 55. Nc5+ {[%clk 0:01:12]}  Kc7 {[%clk 0:10:31]} 56. Nxa6+ {[%clk 0:01:16]}  Kb7 {[%clk 0:10:57]} 57. Nc5+ {[%clk 0:01:43]}  Ka7 {[%clk 0:11:23]} 58. Ke4 {[%clk 0:01:44]}  Nd2+ {[%clk 0:11:08]} 59. Kd3 {[%clk 0:01:52]}  Nb1 {[%clk 0:11:26]} 60. Nb3 {[%clk 0:01:29]}  g5 {[%clk 0:11:27]} 61. Ke4 {[%clk 0:01:32]}  Na3 {[%clk 0:11:32]} 62. Kd3 {[%clk 0:00:11]}  g4 {[%clk 0:11:07]} 63. Nd4 {[%clk 0:01:04]}  Ka6 {[%clk 0:10:40]} 64. Ke4 {[%clk 0:00:57]}  Nxc2 {[%clk 0:07:44]} 65. Nxc2 {[%clk 0:01:19]} 1/2-1/2